BSOP header

The savage sacrament : (Record no. 45122)

MARC details
000 -LEADER
fixed length control field 00749nam a2200241 a 4500
001 - CONTROL NUMBER
control field 2807163
005 - DATE AND TIME OF LATEST TRANSACTION
control field 20181219134818.0
008 - FIXED-LENGTH DATA ELEMENTS--GENERAL INFORMATION
fixed length control field 820724s1983 ctu b 000 0 eng
010 ## - LIBRARY OF CONGRESS CONTROL NUMBER
LC control number 82050977
020 ## - INTERNATIONAL STANDARD BOOK NUMBER
International Standard Book Number 0896221652
040 ## - CATALOGING SOURCE
Original cataloging agency DLC
Transcribing agency DLC
Modifying agency DLC
100 1# - MAIN ENTRY--PERSONAL NAME
Personal name Silbermann, Eileen Zieget.
245 14 - TITLE STATEMENT
Title The savage sacrament :
Remainder of title a theology of marriage after American feminism /
Statement of responsibility, etc Eileen Zieget Silbermann.
260 ## - PUBLICATION, DISTRIBUTION, ETC. (IMPRINT)
Place of publication, distribution, etc Mystic, CT :
Name of publisher, distributor, etc Twenty-Third Publications,
Date of publication, distribution, etc c1983.
300 ## - PHYSICAL DESCRIPTION
Extent vii, 112 p. ;
Dimensions 22 cm.
336 ## - CONTENT TYPE
Content Type Term text
337 ## - MEDIA TYPE
Media Type Term unmediated
338 ## - CARRIER TYPE
Carrier Type Term volume
504 ## - BIBLIOGRAPHY, ETC. NOTE
Bibliography, etc Bibliography: p. 103-112.
610 20 - SUBJECT ADDED ENTRY--CORPORATE NAME
Corporate name or jurisdiction name as entry element Catholic Church
General subdivision Doctrines.
650 #0 - SUBJECT ADDED ENTRY--TOPICAL TERM
Topical term or geographic name as entry element Marriage
General subdivision Religious aspects
-- Catholic Church.
942 ## - ADDED ENTRY ELEMENTS (KOHA)
Source of classification or shelving scheme Library of Congress Classification
Item type Books
Holdings
Withdrawn status Lost status Source of classification or shelving scheme Damaged status Not for loan Home library Current library Shelving location Date acquired Source of acquisition Inventory number Total Checkouts Full call number Barcode Date last seen Price effective from Koha item type
    Library of Congress Classification     BSOP Library BSOP Library GC 12/19/2018 Donated by Dr. William and Mariel Kirwan 44637   BX2250 Si3 1983 00055637 12/19/2018 12/19/2018 Books
BSOP

Biblical Seminary of the Philippines
  All rights Reserved
  © 2024

CONTACT INFORMATION

Biblical Seminary of the Philippines,
  77-B Karuhatan Road, Valenzuela City,
  PHILIPPINES 1441
  Phone: +632 8292-6795 / 8292-6798
  Fax : +632 8292-6675
  Email: library@bsop.edu.ph